| 000 | 00883cam a2200241 a 4500 | ||
|---|---|---|---|
| 003 | CO-ViMGA | ||
| 008 | 110905s2005 ck ao r 000 0 eng d | ||
| 020 | _a9589136036 | ||
| 020 | _a9789589136034 | ||
| 040 |
_aCO-ViMGA _bspa _cCO-ViMGA |
||
| 043 |
_as-ck--- _bs-ck-ab _2CO-BoBN |
||
| 082 | 0 | 4 |
_a070.449986126 _bS15h _221 |
| 100 | 1 |
_aSalcedo Ramos, Alberto Rafael _d1963- _92835 |
|
| 245 | 1 | 0 |
_aDe un hombre obligado a levantarse con el pie derecho y otras crónicas _cAlberto Rafael Salcedo Ramos |
| 250 | _a2a ed. | ||
| 260 |
_aBogotá _bEdiciones Aurora _c2005. |
||
| 300 |
_a339 p. _bilustraciones, fotos _c21 cm |
||
| 586 | _aPremio Cámara Colombiana del Libro. Mejor libro de interés general 2000. | ||
| 650 | 1 | 4 |
_aCrónicas colombianas _92836 |
| 650 | 1 | 4 |
_aCrónicas periodísticas _zAntioquia (Colombia) _92837 |
| 650 | 2 | 4 |
_aReportajes colombianos _92838 |
| 942 |
_2ddc _cBK |
||
| 999 |
_c35365 _d35365 |
||